[Event "USCL Queens vs Boston"]
[Site "Internet Chess Club"]
[Date "2009.08.31"]
[Round "1"]
[White "Zaremba, Andrei"]
[Black "Esserman, Marc"]
[Result "1-0"]
[WhiteElo "2398"]
[BlackElo "2461"]
[PlyCount "71"]
[EventDate "2009.??.??"]

1. d4 f5 2. Nc3 Nf6 3. Bg5 d5 4. Bxf6 exf6 5. e3 Be6 6. Bd3 Qd7 7. Nge2 Nc6 8.
a3 Ne7 9. b3 Bf7 10. Na4 O-O-O 11. c4 Kb8 12. Qc2 g6 13. O-O h5 14. c5 h4 15.
b4 h3 16. g3 Bh6 17. b5 b6 18. c6 Qd6 19. Nac3 Rhe8 20. a4 Nc8 21. a5 Re7 22.
Ra4 Rde8 23. Na2 Ka8 24. Nb4 Bg8 25. Rfa1 Qe6 26. axb6 cxb6 27. c7 Qd6 28.
Rxa7+ Nxa7 29. c8=Q+ Rxc8 30. Qxc8+ Qb8 31. Qc6+ Rb7 32. Qxf6 Qf8 33. Qxg6 Bf7
34. Qxf5 Qxb4 35. Qc8+ Rb8 36. Rxa7+ 1-0

[Event "USCL Queens vs Boston"]
[Site "Internet Chess Club"]
[Date "2009.08.31"]
[Round "1"]
[White "Wang, Andrew"]
[Black "Smith, Shaun"]
[Result "1-0"]
[WhiteElo "2136"]
[BlackElo "2038"]
[PlyCount "71"]
[EventDate "2009.??.??"]

1. e4 c5 2. Nf3 g6 3. d3 Bg7 4. g3 Nc6 5. Bg2 d6 6. O-O e6 7. c3 Qb6 8. Na3 d5
9. Qe2 Nge7 10. h4 h6 11. Bf4 O-O 12. e5 a6 13. Rab1 Kh7 14. Nc2 Qc7 15. Rfe1
b6 16. d4 c4 17. Ne3 Nf5 18. Ng4 Qd8 19. Kh2 b5 20. Rh1 b4 21. Kg1 Rb8 22. Rc1
Rb7 23. Qd2 Qa5 24. h5 g5 25. Bxg5 Qxa2 26. Qf4 bxc3 27. bxc3 Rb2 28. Bf6 Rg8
29. Nh4 Nce7 30. Bxg7 Rxg7 31. Nf6+ Kh8 32. g4 Rg5 33. gxf5 exf5 34. Rh3 Qa3
35. Rg3 Rxf2 36. Kxf2 1-0

[Event "USCL Queens vs Boston"]
[Site "Internet Chess Club"]
[Date "2009.08.31"]
[Round "1"]
[White "Perelshteyn, Eugene"]
[Black "Vovsha, Eli"]
[Result "1-0"]
[WhiteElo "2628"]
[BlackElo "2539"]
[PlyCount "95"]
[EventDate "2009.??.??"]

1. d4 d6 2. Nf3 Bg4 3. c4 Bxf3 4. exf3 Nd7 5. Nc3 g6 6. Be3 c6 7. Qd2 Bg7 8.
Be2 Nb6 9. d5 Nf6 10. dxc6 bxc6 11. O-O O-O 12. Rac1 d5 13. b3 e5 14. cxd5 cxd5
15. Bc5 Re8 16. Rfd1 d4 17. Ne4 Nxe4 18. fxe4 Qh4 19. Qd3 Bf8 20. g3 Qh3 21.
Bxf8 Kxf8 22. Qa6 Rec8 23. a4 Qd7 24. a5 Rxc1 25. Rxc1 Rc8 26. Rxc8+ Nxc8 27.
Qf6 Kg8 28. Qxe5 d3 29. Bd1 Ne7 30. Kf1 Nc6 31. Qc3 Qd6 32. Ke1 Nb4 33. Kd2 Qe7
34. Qc4 Qd6 35. f4 Na2 36. b4 Nxb4 37. Bb3 Qe7 38. Kc3 Nc2 39. Kxd3 Na3 40. Qd5
Qc7 41. e5 Nb1 42. Bc4 Kf8 43. Qd6+ Qxd6+ 44. exd6 Na3 45. Ba6 Ke8 46. Kc3 Kd7
47. Bd3 Kxd6 48. Kb3 1-0

[Event "USCL Miami vs Dallas"]
[Site "Internet Chess Club"]
[Date "2009.08.31"]
[Round "1"]
[White "Rodriguez, Eric"]
[Black "Kiewra, Keaton"]
[Result "1-0"]
[WhiteElo "2290"]
[BlackElo "2365"]
[PlyCount "115"]
[EventDate "2009.??.??"]

1. d4 Nf6 2. c4 g6 3. Nc3 Bg7 4. e4 d6 5. Bg5 h6 6. Be3 c5 7. dxc5 Qa5 8. Qd2
dxc5 9. O-O-O Nc6 10. Nd5 Qxd2+ 11. Rxd2 Nxd5 12. cxd5 Nd4 13. Nf3 Nxf3 14.
gxf3 b6 15. Bb5+ Bd7 16. Bxd7+ Kxd7 17. f4 Kc7 18. Rg1 Rhg8 19. f3 Rad8 20. f5
gxf5 21. Rdg2 fxe4 22. fxe4 Bxb2+ 23. Kxb2 Rxg2+ 24. Rxg2 f5 25. exf5 Rxd5 26.
Bxh6 Rxf5 27. Bg5 Rf3 28. h4 Rh3 29. Bxe7 Kc6 30. Rd2 c4 31. Kc2 Re3 32. Bg5
Rh3 33. Re2 b5 34. Re3 Rh2+ 35. Kc3 Rxa2 36. h5 Rh2 37. h6 Rh5 38. Bf4 Rh4 39.
Re6+ Kd5 40. Re5+ Kc6 41. Rf5 a5 42. Kd4 a4 43. Rf6+ Kd7 44. Kd5 c3 45. Rd6+
Ke8 46. Be3 b4 47. Rc6 a3 48. Bg5 a2 49. Ra6 Rh2 50. Ke6 Re2+ 51. Kf6 b3 52. h7
Rh2 53. h8=Q+ Rxh8 54. Ke6 Rh6+ 55. Bxh6 Kd8 56. Bf4 a1=Q 57. Rxa1 Kc8 58. Ra3
1-0

[Event "USCL Miami vs Dallas"]
[Site "Internet Chess Club"]
[Date "2009.08.31"]
[Round "1"]
[White "Lopez, Nelson"]
[Black "Recio, Miguel"]
[Result "1-0"]
[WhiteElo "2218"]
[BlackElo "2164"]
[PlyCount "103"]
[EventDate "2009.??.??"]

1. e4 e6 2. d4 d5 3. Nc3 Bb4 4. Qd3 dxe4 5. Qxe4 Nf6 6. Qh4 Nc6 7. Nf3 Ne7 8.
Bd3 Nf5 9. Bxf5 exf5 10. Bg5 Be6 11. O-O Be7 12. Rad1 c6 13. Rfe1 O-O 14. Ne2
Re8 15. Nf4 Ne4 16. Bxe7 Qxe7 17. Qxe7 Rxe7 18. Nd2 Nxd2 19. Rxd2 Rae8 20. Rde2
Kf8 21. b3 g5 22. Nd3 Bd5 23. Rxe7 Rxe7 24. Rxe7 Kxe7 25. f3 b5 26. Kf2 Kd6 27.
a3 f6 28. Nc5 h5 29. Ke3 f4+ 30. Kd3 f5 31. c4 Bf7 32. Kc3 bxc4 33. bxc4 Bg8
34. Nd3 Be6 35. Kb4 Bg8 36. h4 gxh4 37. Nxf4 Bf7 38. Nd3 Be6 39. f4 Bg8 40. Ne5
Be6 41. Nf3 Bc8 42. Nxh4 Be6 43. g3 Bd7 44. Nf3 Be6 45. Ne5 Bg8 46. Ka5 Bxc4
47. Nxc4+ Kd5 48. Ne5 Kxd4 49. Nxc6+ Ke3 50. Ne7 Kf3 51. Nxf5 Kg4 52. Ng7 1-0

[Event "USCL Miami vs Dallas"]
[Site "Internet Chess Club"]
[Date "2009.08.31"]
[Round "1"]
[White "Ludwig, Daniel"]
[Black "Lopez, Bruci"]
[Result "0-1"]
[WhiteElo "2543"]
[BlackElo "2480"]
[PlyCount "132"]
[EventDate "2009.??.??"]

1. d4 Nf6 2. c4 g6 3. Nc3 Bg7 4. e4 d6 5. f3 O-O 6. Nge2 Nbd7 7. Be3 c5 8. Qd2
Qa5 9. d5 a6 10. Nc1 Rb8 11. Nb3 Qb4 12. Qc2 Ne5 13. a3 Qb6 14. Be2 e6 15. O-O
exd5 16. cxd5 Qc7 17. a4 Bd7 18. h3 b5 19. Nd2 Rfe8 20. Rfe1 b4 21. Nd1 Bc8 22.
Rc1 Ned7 23. b3 Nh5 24. Nc4 Ne5 25. f4 Nxc4 26. Qxc4 Ng3 27. Bf3 h5 28. Nf2 Bc3
29. Red1 Nf5 30. exf5 Rxe3 31. fxg6 fxg6 32. Ne4 Bxh3 33. Kf2 Rxf3+ 34. gxf3
Qe7 35. Kg3 Bf5 36. Nxc3 bxc3 37. Re1 h4+ 38. Kf2 Qh7 39. Qxc3 Rf8 40. Qe3 Qh6
41. Rh1 Bd7 42. Rc4 Qh8 43. Qd2 Qh5 44. Re4 h3 45. Kg3 g5 46. Rg1 Bf5 47. Ree1
Bg6 48. Kh2 Rxf4 49. Re8+ Kg7 50. Re3 Rd4 51. Re7+ Kh6 52. Qe3 Rd3 53. Qe1 Qxf3
54. Rg3 Qxd5 55. Ree3 Rd2+ 56. Re2 Rd3 57. Rxd3 Qxd3 58. Re3 Qc2+ 59. Kxh3 d5
60. Kg3 Be4 61. Qf1 Kg7 62. Kg4 Qh2 63. Rh3 Qe5 64. Rg3 c4 65. bxc4 Kg6 66. Kh3
Qh8+ 0-1

[Event "USCL San Francisco vs Seattle"]
[Site "Internet Chess Club"]
[Date "2009.08.31"]
[Round "1"]
[White "Donaldson, John"]
[Black "Lee, Michael"]
[Result "1/2-1/2"]
[WhiteElo "2408"]
[BlackElo "2384"]
[PlyCount "75"]
[EventDate "2009.??.??"]

1. Nf3 c5 2. c4 Nc6 3. d4 cxd4 4. Nxd4 e6 5. Nc3 Nf6 6. g3 Qb6 7. Nb3 Ne5 8. e4
Bb4 9. Qe2 d6 10. f4 Nc6 11. Bg2 e5 12. f5 Nd4 13. Qd1 Qc6 14. O-O Qxc4 15. Bg5
Bxc3 16. bxc3 Nxb3 17. axb3 Qc5+ 18. Kh1 h6 19. Bh4 b6 20. Ra4 b5 21. Ra5 Qb6
22. b4 Bb7 23. Qe2 a6 24. Rd1 Rc8 25. Rd3 Rc4 26. Bxf6 gxf6 27. Ra1 Ke7 28.
Rad1 Rd8 29. g4 Qc7 30. Qe3 Rh8 31. Qd2 Rc6 32. Rh3 Rg8 33. Rg3 Rc4 34. Re1 Rh8
35. Rh3 Rg8 36. Rg3 Rh8 37. Rh3 Rg8 38. Rg3 1/2-1/2

[Event "USCL San Francisco vs Seattle"]
[Site "Internet Chess Club"]
[Date "2009.08.31"]
[Round "1"]
[White "Sinanan, Joshua"]
[Black "Liou, Yian"]
[Result "1/2-1/2"]
[WhiteElo "2284"]
[BlackElo "2149"]
[PlyCount "82"]
[EventDate "2009.??.??"]

1. d4 f5 2. c4 Nf6 3. g3 g6 4. Bg2 Bg7 5. Nc3 d6 6. Nh3 e6 7. Nf4 c6 8. h4 e5
9. dxe5 dxe5 10. Qxd8+ Kxd8 11. Nd3 e4 12. Nf4 Ke7 13. h5 Nxh5 14. Nxh5 gxh5
15. Rxh5 Be6 16. Bh3 Nd7 17. Bxf5 Nf6 18. Rg5 Bh6 19. Nxe4 Nxe4 20. Bxe4 Bxg5
21. Bxg5+ Kf7 22. b3 a5 23. a4 Rac8 24. Bd2 b6 25. Bc3 Rhe8 26. Bxh7 Bg4 27.
Ra2 Rcd8 28. Rc2 c5 29. f4 Re6 30. Kf2 Rd1 31. Bd3 Rh6 32. Ke3 Rh3 33. f5 Rxg3+
34. Kf4 Rg2 35. Be4 Rxe2 36. Rxe2 Bxe2 37. Bd5+ Rxd5 38. cxd5 Bd1 39. Be5 Bxb3
40. Bc7 Bxd5 41. Bxb6 Bc6 1/2-1/2

[Event "USCL San Francisco vs Seattle"]
[Site "Internet Chess Club"]
[Date "2009.08.31"]
[Round "1"]
[White "Tangborn, Eric"]
[Black "Pruess, David"]
[Result "0-1"]
[WhiteElo "2455"]
[BlackElo "2418"]
[PlyCount "101"]
[EventDate "2009.??.??"]

1. c4 e6 2. Nc3 d5 3. d4 c6 4. cxd5 exd5 5. Qc2 Bd6 6. Nf3 Ne7 7. Bg5 f6 8. Bh4
Bf5 9. Qd2 O-O 10. Bg3 Be4 11. e3 Bxf3 12. gxf3 f5 13. Bxd6 Qxd6 14. f4 Nd7 15.
Bd3 b5 16. Rc1 Rf6 17. Ne2 a6 18. Ng1 c5 19. dxc5 Nxc5 20. Nf3 d4 21. Nxd4 Nc6
22. Bc2 Nxd4 23. Qxd4 Qxd4 24. exd4 Ne6 25. Bb3 Kf8 26. Rc6 Nxd4 27. Rxf6+ gxf6
28. Kd2 Rd8 29. Ke3 Nxb3 30. axb3 Re8+ 31. Kd3 Re4 32. Ra1 Rxf4 33. Rxa6 Kf7
34. Ke3 Rb4 35. Ra3 Kg6 36. Kf3 Kg5 37. Kg3 Rg4+ 38. Kh3 h6 39. Ra8 Rb4 40.
Rg8+ Kh5 41. Rg3 Rd4 42. Kg2 Rg4 43. Kf3 Kh4 44. Kg2 h5 45. h3 Rg5 46. Kh2 Rxg3
47. fxg3+ Kg5 48. Kg2 f4 49. Kf3 fxg3 50. Kxg3 b4 51. Kf3 0-1

[Event "USCL New York vs New Jersey"]
[Site "Internet Chess Club"]
[Date "2009.09.02"]
[Round "1"]
[White "Shen, Arthur"]
[Black "Norowitz, Yaacov"]
[Result "0-1"]
[WhiteElo "2107"]
[BlackElo "2354"]
[PlyCount "70"]
[EventDate "2009.??.??"]

1. e4 c6 2. d4 d5 3. Nc3 dxe4 4. Nxe4 Nf6 5. Nxf6+ gxf6 6. c3 Qd5 7. Qb3 Nd7 8.
Nf3 Rg8 9. Bc4 Qh5 10. Be2 Qg6 11. Be3 Bh6 12. O-O-O Bxe3+ 13. fxe3 Qh6 14. c4
Rxg2 15. Rhe1 Qh5 16. e4 Qa5 17. a3 e5 18. Nh4 Rg8 19. dxe5 Nxe5 20. Nf5 Qb6
21. Nd6+ Ke7 22. Qc3 Be6 23. c5 Qb3 24. Qxb3 Bxb3 25. Rd4 a5 26. Nxb7 Rg2 27.
Bd1 Bc4 28. Re3 Rxh2 29. b3 Be6 30. Rd2 Rxd2 31. Kxd2 a4 32. Nd6 axb3 33. Bxb3
Rxa3 34. Bc2 Nf3+ 35. Ke2 Nd4+ 0-1

[Event "USCL Carolina vs Baltimore"]
[Site "Internet Chess Club"]
[Date "2009.09.02"]
[Round "1"]
[White "Simpson, Ron"]
[Black "Kaufman, Larry"]
[Result "0-1"]
[WhiteElo "2290"]
[BlackElo "2444"]
[PlyCount "90"]
[EventDate "2009.??.??"]

1. e4 c6 2. d4 d5 3. exd5 cxd5 4. Nf3 Nf6 5. Bd3 Nc6 6. h3 g6 7. O-O Bg7 8. Re1
O-O 9. c3 Qc7 10. Bg5 Re8 11. Nbd2 Nh5 12. Qc2 Nf4 13. Bxf4 Qxf4 14. Re3 Qc7
15. Rae1 Bd7 16. Ne5 Nxe5 17. dxe5 d4 18. R3e2 dxc3 19. bxc3 Rac8 20. c4 Red8
21. Nf3 Be6 22. Qb1 Rxd3 23. Qxd3 Bxc4 24. Qe3 Bxe2 25. Qxe2 e6 26. Qe3 b5 27.
h4 h5 28. Rd1 a5 29. Qe4 b4 30. Rd4 Bh6 31. g4 Qc2 32. Qb7 hxg4 33. Rxg4 Qc6
34. Qxc6 Rxc6 35. h5 Rc2 36. hxg6 Rxa2 37. Rh4 Bg7 38. gxf7+ Kxf7 39. Rc4 b3
40. Kg2 b2 41. Rc7+ Kg6 42. Rb7 a4 43. Rb6 Kf5 44. Rb5 a3 45. Nd4+ Kg6 0-1

[Event "USCL Philadelphia vs Tennessee"]
[Site "Internet Chess Club"]
[Date "2009.09.02"]
[Round "1"]
[White "Bick, John"]
[Black "Swaminathan, Rahul"]
[Result "1-0"]
[WhiteElo "2260"]
[BlackElo "2135"]
[PlyCount "77"]
[EventDate "2009.??.??"]

1. b3 e5 2. Bb2 d6 3. e3 Nf6 4. Bd3 g6 5. c4 Bg7 6. Bc2 O-O 7. Ne2 Nc6 8. a3 a5
9. d3 Nd7 10. O-O f5 11. d4 Nf6 12. d5 Nb8 13. b4 Nbd7 14. Nd2 Qe7 15. Bb3 Kh8
16. Rc1 b6 17. Re1 h6 18. Qc2 Bb7 19. Nc3 axb4 20. axb4 c5 21. dxc6 Bxc6 22.
Nd5 Nxd5 23. cxd5 Bb5 24. Qc7 Ba6 25. Rc6 Bb5 26. Qxd6 Qxd6 27. Rxd6 Kh7 28.
Bc4 Ba4 29. b5 Rfd8 30. Ra1 Bf8 31. Rc6 Bc5 32. Nf3 e4 33. Ne5 Nxe5 34. Bxe5
Rd7 35. h3 Raa7 36. d6 g5 37. Be6 Rdb7 38. Rc7+ Rxc7 39. dxc7 1-0

[Event "USCL Philadelphia vs Tennessee"]
[Site "Internet Chess Club"]
[Date "2009.09.02"]
[Round "1"]
[White "Burnett, Ron"]
[Black "Lenderman, Alex"]
[Result "0-1"]
[WhiteElo "2380"]
[BlackElo "2638"]
[PlyCount "86"]
[EventDate "2009.??.??"]

1. e4 c6 2. d4 d5 3. e5 Bf5 4. Be2 e6 5. Nf3 c5 6. O-O Nc6 7. Be3 Qb6 8. c4
Qxb2 9. cxd5 exd5 10. Nh4 Bc2 11. Qc1 Qxc1 12. Rxc1 cxd4 13. Rxc2 dxe3 14. fxe3
O-O-O 15. Bb5 Nge7 16. Nf3 Kb8 17. Nbd2 a6 18. Ba4 b5 19. Bb3 f6 20. exf6 gxf6
21. Nf1 Bh6 22. Rd1 Rd6 23. Kf2 Ne5 24. Nd4 f5 25. Ne2 Rhd8 26. h3 Kb7 27. Nfg3
Nc4 28. Rd3 Bg5 29. Nh5 Nc6 30. Rcc3 N6e5 31. Rd4 b4 32. Rcd3 Nxd3+ 33. Rxd3
Ne5 34. Rd4 Nc6 35. Rd3 d4 36. Nhf4 dxe3+ 37. Rxe3 Rd2 38. Kg3 Nd4 39. Re5 Nxb3
40. axb3 Rb2 41. Ne6 Rd3+ 42. Kh2 Rdd2 43. Nc5+ Kc6 0-1

[Event "USCL Philadelphia vs Tennessee"]
[Site "Internet Chess Club"]
[Date "2009.09.02"]
[Round "1"]
[White "Smith, Bryan"]
[Black "Bereolos, Peter"]
[Result "1/2-1/2"]
[WhiteElo "2528"]
[BlackElo "2329"]
[PlyCount "93"]
[EventDate "2009.??.??"]

1. e4 e5 2. Nf3 Nc6 3. Bb5 a6 4. Ba4 Nf6 5. O-O Be7 6. Re1 b5 7. Bb3 d6 8. c3
O-O 9. h3 Na5 10. Bc2 c5 11. d4 Nd7 12. Nbd2 exd4 13. cxd4 Nc6 14. d5 Nce5 15.
a4 Rb8 16. axb5 axb5 17. Nh2 g5 18. Ndf1 Kh8 19. Ng3 Rg8 20. Ng4 Nxg4 21. hxg4
Bf6 22. Nf5 Ne5 23. Ra3 Bxf5 24. exf5 Nc4 25. Rh3 Kg7 26. b3 Nb6 27. Rh5 h6 28.
Re3 Re8 29. Reh3 Qe7 30. Re3 Qb7 31. Be4 Ra8 32. Qc2 Ra1 33. Kh2 Be5+ 34. g3 f6
35. Bg2 Rea8 36. Rxe5 dxe5 37. d6 Qd7 38. Bxa8 Rxa8 39. Qxc5 Rc8 40. Qxb6 Rxc1
41. Kg2 Qc6+ 42. Qxc6 Rxc6 43. Rh1 Rxd6 44. Ra1 Rd3 45. Ra7+ Kg8 46. Ra8+ Kg7
47. Ra7+ 1/2-1/2

[Event "USCL Arizona vs Chicago"]
[Site "Internet Chess Club"]
[Date "2009.09.02"]
[Round "1"]
[White "Felecan, Florian"]
[Black "Altounian, Levon"]
[Result "1/2-1/2"]
[WhiteElo "2430"]
[BlackElo "2538"]
[PlyCount "32"]
[EventDate "2009.??.??"]

1. e4 e5 2. Nf3 Nc6 3. Bc4 Nf6 4. d3 Be7 5. Nc3 d6 6. a3 O-O 7. Bg5 Be6 8. O-O
Qd7 9. Nd5 Bxd5 10. exd5 Nd4 11. Nxd4 exd4 12. Qf3 h6 13. Bd2 Qg4 14. Qxg4 Nxg4
15. Rae1 Bf6 16. Bb5 Rfd8 1/2-1/2

[Event "USCL Carolina vs Baltimore"]
[Site "Internet Chess Club"]
[Date "2009.09.02"]
[Round "1"]
[White "Defibaugh, Jared"]
[Black "Jones, Craig"]
[Result "1/2-1/2"]
[WhiteElo "2155"]
[BlackElo "2275"]
[PlyCount "135"]
[EventDate "2009.??.??"]

1. e4 c5 2. d4 cxd4 3. c3 g6 4. Nf3 Bg7 5. Bc4 Nf6 6. e5 Ne4 7. Qxd4 f5 8. Bf4
Nc6 9. Qe3 d5 10. exd6 e5 11. Bg3 Qxd6 12. Na3 a6 13. Rd1 Qc5 14. Qxc5 Nxc5 15.
h3 Na4 16. Rd2 Bf6 17. Nxe5 Nxe5 18. Bxe5 Bxe5 19. Re2 Nxb2 20. Rxe5+ Kd8 21.
O-O Re8 22. Rd5+ Kc7 23. Bb3 Re2 24. Nc4 Nxc4 25. Bxc4 Re4 26. Bb3 Be6 27. Rd2
Re8 28. Rfd1 Re7 29. Kh2 Bd7 30. Bd5 R4e5 31. Bxb7 Ba4 32. Rb1 Bb5 33. Bf3 Re1
34. Rbb2 Rc1 35. Rbc2 Ree1 36. Kg3 g5 37. Bd5 h5 38. c4 h4+ 39. Kf3 Bd7 40.
Rxc1 Rxc1 41. Rd3 g4+ 42. Kf4 Rf1 43. Rd2 g3 44. Kf3 Bc6 45. Ke3 Bxd5 46. cxd5
f4+ 47. Kxf4 Rxf2+ 48. Ke3 Rxd2 49. Kxd2 Kd6 50. Kc3 Kxd5 51. Kd3 Kc5 52. Kc3
Kb5 53. Kb3 Ka5 54. Ka3 Kb6 55. Kb4 a5+ 56. Kc4 a4 57. Kb4 a3 58. Kxa3 Kc5 59.
Kb3 Kd4 60. a4 Ke3 61. a5 Kf2 62. a6 Kxg2 63. a7 Kxh3 64. a8=Q g2 65. Qf3+ Kh2
66. Qf4+ Kh3 67. Qf2 g1=Q 68. Qxg1 1/2-1/2

[Event "USCL Philadelphia vs Tennessee"]
[Site "Internet Chess Club"]
[Date "2009.09.02"]
[Round "1"]
[White "Kudrin, Sergey"]
[Black "Shabalov, Alex"]
[Result "0-1"]
[WhiteElo "2602"]
[BlackElo "2624"]
[PlyCount "124"]
[EventDate "2009.??.??"]

1. e4 c5 2. Nf3 d6 3. d4 cxd4 4. Nxd4 Nf6 5. Nc3 g6 6. Be3 Bg7 7. f3 O-O 8. Qd2
Nc6 9. Bc4 Bd7 10. O-O-O Rb8 11. Bb3 Na5 12. Bh6 Bxh6 13. Qxh6 b5 14. Nd5 e6
15. Nxf6+ Qxf6 16. h4 Qg7 17. Qg5 Qe5 18. Ne2 Bc6 19. Rd2 Rfd8 20. Rhd1 Nb7 21.
Nf4 a5 22. a3 Re8 23. Nd3 Qxg5 24. hxg5 Kg7 25. e5 Red8 26. exd6 Rxd6 27. Ne5
Rxd2 28. Rxd2 Be8 29. Ba2 h6 30. gxh6+ Kxh6 31. Kd1 Kg7 32. Ke2 Rc8 33. c3 g5
34. Ke3 Nc5 35. g3 Kf6 36. f4 gxf4+ 37. gxf4 Ke7 38. Nf3 Nb7 39. Nd4 Nd6 40.
Rg2 Bd7 41. Kd3 Rh8 42. Re2 Kf6 43. Nb3 Rh3+ 44. Kc2 Bc6 45. Nxa5 Be4+ 46. Kd2
Kf5 47. Bb3 Kxf4 48. a4 Rh5 49. axb5 Bf3 50. Re1 Rxb5 51. Ra1 e5 52. c4 Rb8 53.
Kc2 Ne4 54. c5 f5 55. c6 Nd6 56. Be6 Nb5 57. Bd7 e4 58. Ra4 Be2 59. Nc4 Bd3+
60. Kd2 Rh8 61. Na3 Rh2+ 62. Ke1 Ke3 0-1

[Event "USCL Carolina vs Baltimore"]
[Site "Internet Chess Club"]
[Date "2009.09.02"]
[Round "1"]
[White "Enkhbat, Tegshsuren"]
[Black "Zaikov, Oleg"]
[Result "1-0"]
[WhiteElo "2430"]
[BlackElo "2388"]
[PlyCount "177"]
[EventDate "2009.??.??"]

1. d4 Nf6 2. c4 c5 3. d5 b5 4. cxb5 a6 5. bxa6 g6 6. Nc3 Bxa6 7. g3 d6 8. Bg2
Bg7 9. Nf3 Nbd7 10. Rb1 O-O 11. O-O Qa5 12. Bd2 Rfb8 13. Qc2 Nb6 14. b3 Qa3 15.
Bc1 Qa5 16. Bd2 Qa3 17. Bc1 Qa5 18. Rd1 Ne8 19. Bd2 Qa3 20. Bc1 Qa5 21. Bb2 Nc7
22. a4 c4 23. b4 Qxb4 24. Nd4 Bb7 25. Nc6 Bxc6 26. dxc6 Qa5 27. Nb5 Nxb5 28.
axb5 c3 29. c7 Rc8 30. Bxa8 Nxa8 31. Bc1 Qxc7 32. Be3 Nb6 33. Bd4 Bxd4 34. Rxd4
e5 35. Rd3 d5 36. e3 Qc4 37. Rc1 d4 38. exd4 exd4 39. Rcd1 Qxb5 40. Rxd4 Kg7
41. Rc1 Rc5 42. Qd1 Nd5 43. Re4 h5 44. Qd4+ Kh7 45. Re5 c2 46. h4 Qc6 47. Qe4
Kh6 48. Re8 Qb5 49. Qe5 Nf6 50. Qf4+ Kg7 51. Rb8 Qe2 52. Rd8 Re5 53. Qd2 Ng4
54. Rxc2 Qf3 55. Rc3 Qf5 56. Qd4 Qb1+ 57. Kg2 Qb7+ 58. Rf3 Qe4 59. Qxe4 Rxe4
60. Rd2 Re7 61. Ra2 Rd7 62. Rfa3 Rb7 63. Ra7 Rb5 64. Re2 Rf5 65. f3 Nf6 66.
Ree7 Nd5 67. Reb7 Ne3+ 68. Kf2 Nd1+ 69. Ke2 Nc3+ 70. Ke3 Nd5+ 71. Kf2 Nc3 72.
Rd7 Ne4+ 73. Kg2 Nc5 74. Re7 Nd3 75. Rad7 Nc5 76. Ra7 Nd3 77. Ra3 Kf8 78. Re3
Ne5 79. Ra8+ Kg7 80. Ra7 Kg8 81. Rc3 Rf6 82. Ra5 Nd7 83. Rc7 Nf8 84. Ra8 Kg7
85. Rcc8 Nh7 86. Rh8 Rb6 87. Rag8+ Kh6 88. g4 Rb2+ 89. Kf1 1-0

[Event "USCL Arizona vs Chicago"]
[Site "Internet Chess Club"]
[Date "2009.09.02"]
[Round "1"]
[White "Magness, Trevor"]
[Black "Adelberg, David"]
[Result "0-1"]
[WhiteElo "2138"]
[BlackElo "2160"]
[PlyCount "98"]
[EventDate "2009.??.??"]

1. e4 c5 2. Nf3 d6 3. d4 cxd4 4. Nxd4 Nf6 5. Nc3 a6 6. Be3 e6 7. f3 b5 8. g4
Nfd7 9. Qd2 Nb6 10. O-O-O N8d7 11. Ndxb5 axb5 12. Nxb5 Ba6 13. Nxd6+ Bxd6 14.
Qxd6 Nc4 15. Bxc4 Bxc4 16. Qd4 Be2 17. Rd2 e5 18. Qd5 Ra5 19. Qd6 Rxa2 20. Kb1
Bc4 21. Bg5 f6 22. Rhd1 Ra7 23. b3 Qa5 24. Kb2 fxg5 25. Qc6 Rc7 26. Qd6 Kf7 27.
Qxc7 Qxc7 28. Rxd7+ Qxd7 29. Rxd7+ Ke6 30. Rxg7 Be2 31. Ra7 Re8 32. Rxh7 Bxf3
33. Rh6+ Kf7 34. h4 gxh4 35. Rxh4 Bxe4 36. c4 Kf6 37. g5+ Kf5 38. b4 Ba8 39.
Rh2 e4 40. Kc3 e3 41. Kd3 Bf3 42. c5 e2 43. Rxe2 Bxe2+ 44. Kd4 Bb5 45. g6 Kxg6
46. Kd5 Kf5 47. Kd6 Re4 48. c6 Bxc6 49. Kxc6 Rxb4 0-1

[Event "USCL Arizona vs Chicago"]
[Site "Internet Chess Club"]
[Date "2009.09.02"]
[Round "1"]
[White "Ramirez, Alejandro"]
[Black "Mitkov, Nikola"]
[Result "1-0"]
[WhiteElo "2601"]
[BlackElo "2554"]
[PlyCount "105"]
[EventDate "2009.??.??"]

1. d4 Nf6 2. c4 e6 3. g3 d5 4. Bg2 Bb4+ 5. Bd2 Be7 6. Nf3 c6 7. O-O b6 8. Bf4
O-O 9. Nc3 a5 10. cxd5 cxd5 11. Rc1 Ba6 12. Ne5 Ra7 13. Qb3 Rb7 14. Nb5 Bb4 15.
a4 Ne4 16. Nd3 Bd2 17. Rc2 Bxf4 18. Nxf4 Nd6 19. Nxd6 Qxd6 20. Rfc1 g6 21. h4
Kg7 22. Qc3 Re7 23. Qe3 Rd8 24. h5 Bb7 25. h6+ Kf8 26. Nh3 f6 27. Nf4 Nc6 28.
Bh3 e5 29. dxe5 fxe5 30. Qxb6 exf4 31. Rxc6 Bxc6 32. Rxc6 Qb8 33. Rf6+ Rf7 34.
Rxf7+ Kxf7 35. Qe6+ Kf8 36. Qf6+ Ke8 37. Be6 Qc7 38. Qh8+ Ke7 39. Qxh7+ Kd6 40.
Qxc7+ Kxc7 41. h7 Rh8 42. Bg8 fxg3 43. f4 Kd6 44. Kg2 Kc5 45. Kxg3 Kd4 46. Kf3
Kc4 47. Kg4 Kd4 48. Kg5 Ke3 49. Kxg6 d4 50. Kg7 Rxh7+ 51. Kxh7 Kxe2 52. f5 d3
53. Bc4 1-0

[Event "USCL Arizona vs Chicago"]
[Site "Internet Chess Club"]
[Date "2009.09.02"]
[Round "1"]
[White "Adamson, Robby"]
[Black "Pasalic, Mehmed"]
[Result "1-0"]
[WhiteElo "2354"]
[BlackElo "2346"]
[PlyCount "95"]
[EventDate "2009.??.??"]

1. e4 c5 2. Nf3 d6 3. d4 cxd4 4. Nxd4 Nf6 5. Nc3 Nc6 6. Bg5 e6 7. Qd2 a6 8.
O-O-O Bd7 9. f4 Qc7 10. Be2 Be7 11. Nb3 O-O-O 12. Bxf6 gxf6 13. Bh5 Rhf8 14.
Kb1 Kb8 15. Rhf1 Bc8 16. Qe1 b5 17. Rf3 Bb7 18. Rh3 Rc8 19. Bf3 Rh8 20. Rh5 Na7
21. Qf2 h6 22. a3 Qd8 23. Qe3 Qc7 24. f5 Bf8 25. fxe6 fxe6 26. Nd4 Re8 27. Bg4
Bc8 28. Qh3 Qf7 29. Nce2 Bg7 30. Qb3 Rhf8 31. Qb4 Qc7 32. Nb3 f5 33. exf5 exf5
34. Bf3 Be5 35. Ned4 Rf6 36. Rd3 Qc4 37. Qd2 Bd7 38. Rc3 Qf1+ 39. Ka2 Qg1 40.
Rd3 Rc8 41. Qa5 d5 42. Qd2 Rc7 43. Ne2 Qb6 44. Rxd5 Qe6 45. Ned4 Qe8 46. Rxh6
Rc4 47. Rxf6 Bxf6 48. Qf4+ 1-0

[Event "USCL New Jersey vs Philadelphia"]
[Site "Internet Chess Club"]
[Date "2009.09.08"]
[Round "2"]
[White "Lenderman, Alex"]
[Black "Ippolito, Dean"]
[Result "1/2-1/2"]
[WhiteElo "2638"]
[BlackElo "2535"]
[PlyCount "70"]
[EventDate "2009.??.??"]

1. a3 d5 2. Nf3 Nf6 3. e3 g6 4. c4 c6 5. b4 Bg7 6. Bb2 O-O 7. d4 Ne4 8. Bd3 a5
9. O-O axb4 10. axb4 Rxa1 11. Bxa1 Na6 12. Qb3 Qb6 13. Nbd2 Nxd2 14. Nxd2 Qxb4
15. Qc2 Qd6 16. c5 Qc7 17. Rb1 e5 18. dxe5 Bxe5 19. Bxe5 Qxe5 20. Nf3 Qf6 21.
Bxa6 bxa6 22. Nd4 Re8 23. Qd2 Qe7 24. Qa5 Qg5 25. Qc7 Kg7 26. Kf1 Bf5 27. Rb7
Bd3+ 28. Kg1 Qf6 29. h3 Bb5 30. Qd7 Kf8 31. Qg4 h5 32. Qg3 Kg7 33. Qc7 Kf8 34.
Rb6 Qe7 35. Qxe7+ Rxe7 1/2-1/2

[Event "USCL New Jersey vs Philadelphia"]
[Site "Internet Chess Club"]
[Date "2009.09.08"]
[Round "2"]
[White "Friedman, Aviv"]
[Black "Bartell, Tom"]
[Result "0-1"]
[WhiteElo "2407"]
[BlackElo "2411"]
[PlyCount "120"]
[EventDate "2009.??.??"]

1. e4 c5 2. Nf3 d6 3. d4 cxd4 4. Nxd4 Nf6 5. Nc3 Nc6 6. Bg5 Qb6 7. Nb3 e6 8.
Be2 a6 9. O-O Qc7 10. a4 Be7 11. a5 O-O 12. Be3 e5 13. Nd5 Nxd5 14. exd5 Nb8
15. Bb6 Qd7 16. c4 Qe8 17. c5 Nd7 18. c6 bxc6 19. dxc6 Nxb6 20. axb6 Qxc6 21.
Bf3 e4 22. Na5 Qxb6 23. Bxe4 Ra7 24. Nc6 Rc7 25. Nxe7+ Rxe7 26. Qd3 g6 27. b3
a5 28. Bd5 Ba6 29. Bc4 Bb7 30. Rfd1 Rd8 31. Qd2 Re5 32. h3 Rde8 33. Ra2 Qc6 34.
Bf1 Rd5 35. Qxd5 Qxd5 36. Rxd5 Bxd5 37. Rxa5 Bxb3 38. Ra3 Rb8 39. f4 d5 40. Kf2
Bc4 41. Bxc4 dxc4 42. Rc3 Rc8 43. Ke3 Kg7 44. Kd4 Kf6 45. g4 h5 46. Rxc4 Rxc4+
47. Kxc4 hxg4 48. hxg4 g5 49. f5 Ke5 50. Kc5 Kf4 51. Kd6 Kxg4 52. Ke5 Kh5 53.
Kf6 g4 54. Kxf7 g3 55. f6 g2 56. Ke8 g1=Q 57. f7 Qe3+ 58. Kd7 Qd4+ 59. Ke7 Qe5+
60. Kd7 Qf6 0-1

[Event "USCL Queens vs Baltimore"]
[Site "Internet Chess Club"]
[Date "2009.09.08"]
[Round "2"]
[White "Zaremba, Andrei"]
[Black "Uesugi, Shinsaku"]
[Result "1-0"]
[WhiteElo "2398"]
[BlackElo "2354"]
[PlyCount "67"]
[EventDate "2009.??.??"]

1. d4 e6 2. Nf3 f5 3. g3 Nf6 4. Bg2 Be7 5. O-O O-O 6. c4 d5 7. b3 c6 8. Ba3
Nbd7 9. Bxe7 Qxe7 10. Nbd2 b6 11. Qc2 Bb7 12. Qb2 c5 13. Ne5 Rfd8 14. e3 Ne4
15. Ndf3 Ng5 16. Nxg5 Qxg5 17. Nd3 Qe7 18. Rfd1 Nf6 19. Ne5 Rac8 20. Rac1 Ne4
21. Qa3 a6 22. Rc2 Qe8 23. f4 h5 24. Bxe4 dxe4 25. Rcd2 cxd4 26. Rxd4 Rxd4 27.
Rxd4 Rd8 28. Qb2 Qe7 29. Qd2 Rxd4 30. Qxd4 Qb4 31. Kf2 b5 32. Qd7 bxc4 33.
Qxe6+ Kh8 34. Nf7+ 1-0